000 00642nam a2200217Ia 4500
003 GCL
008 140319s9999 xx 000 0 ara d
020 _a9770245143
040 _aGCL /
_cGCL
082 0 4 _a810.09287
_bط ص
100 1 _aطه وادى
245 1 0 _aصورة المرأة فى الرواية المعاصرة /
_cطه وادى
260 _aالقاهرة :
_bدار المعارف ،
_c1984
300 _a327 ص ؛
_c22 سم
490 _a
650 0 4 _aالادب العربى
650 0 4 _aالقصص العربية
650 0 4 _aالمرأة فى الادب
650 0 4 _aتاريخ ونقد
942 _2ddc
_cBK
999 _c32695
_d32695